[Event "XLII Open"]
[Site "Mislata ESP"]
[Date "2008.08.30"]
[Round "8"]
[White "Navarro Lopez Menchero,D"]
[Black "Minaya,J"]
[Result "0-1"]
[WhiteElo "2079"]
[BlackElo "2296"]

1.e4 g6 2.d4 Bg7 3.Nc3 d6 4.f4 Nf6 5.Nf3 O-O 6.Bd3 Bg4 7.h3 Bxf3 8.Qxf3 Nc6
9.Be3 Nd7 10.Qf2 Nb4 11.O-O-O c5 12.Bb5 cxd4 13.Bxd4 e5 14.Be3 exf4 15.Bd4 Ne5
16.a3 Nbc6 17.Bc5 Qg5 18.Bxd6 f3+ 19.Kb1 fxg2 20.Rhg1 Rfd8 21.Rxg2 Qh5 22.Rgg1 Qxh3
23.Rh1 Qe6 24.Bxc6 bxc6 25.Bc5 h5 26.Rxd8+ Rxd8 27.Bxa7 Nc4 28.Bc5 Bxc3 29.bxc3 Nd2+
30.Ka1 Nxe4 31.Qh4 Ra8 32.Re1 f5 33.Qg3 Qf6 34.Qe3 Ra5 35.Bb4 Rb5 36.Qd3 Rd5
37.Qa6 c5 38.Qb5 Qf7 39.Ba5 Qd7 40.Qb8+ Kh7 41.Rb1 Rd1 42.Rxd1 Qxd1+ 43.Kb2 Qd7
44.Bc7 Nd2 45.Bf4 Nc4+ 46.Kc1 Qf7 47.Qb3 h4 48.a4 h3 49.a5 g5 50.Bb8 g4 51.a6 h2  0-1

[Event "2nd Open"]
[Site "Urumia IRI"]
[Date "2008.08.30"]
[Round "8"]
[White "Tarazooyeadl,M"]
[Black "Akhmedov,F"]
[Result "0-1"]
[WhiteElo "2177"]
[BlackElo "2261"]

1.e4 g6 2.d4 Bg7 3.Nc3 d6 4.Nf3 Nf6 5.Be2 O-O 6.O-O c6 7.a4 Qc7 8.Be3 e5
9.Qd3 Re8 10.h3 Nbd7 11.Rad1 d5 12.dxe5 Nxe4 13.Nxe4 Nxe5 14.Nxe5 dxe4 15.Qxe4 Bf5
16.Qc4 Bxe5 17.c3 Be6 18.Qb4 a5 19.Qb6 Qe7 20.Qc5 Bb3 21.Qxe7 Rxe7 22.Rd2 Bxa4
23.Bc5 Bf4 24.Bxe7 Bxd2 25.Bf3 Bb3 26.Bf6 a4 27.Ra1 Re8 28.g4 g5 29.Kf1 b5
30.h4 gxh4 31.g5 Re6 32.Kg2 h6 33.Bg4 Bd5+ 34.Kf1 Bc4+ 35.Kg2 hxg5 36.Bxe6 Bxe6
37.Be5 Bd5+ 38.Kh3 Bf3 39.c4 Kh7 40.cxb5 cxb5 41.Bc3 Bxc3 42.bxc3 Bd5 43.f4 Be6+
44.Kg2 g4 45.Ra3 Kg6 46.Ra1 Kh5 47.Re1 g3 48.Re5+ Kg4 49.Rxb5 h3+ 50.Kg1 Bf5
51.Rb4 a3 52.Ra4 h2+ 53.Kg2  0-1

[Event "Liga Nacional Ajedrez"]
[Site "Villa Martelli ARG"]
[Date "2008.08.30"]
[Round "4"]
[White "Chadwick,N"]
[Black "Perez,Max"]
[Result "0-1"]
[WhiteElo "2207"]
[BlackElo "2102"]

1.e4 g6 2.d4 Bg7 3.Nc3 d6 4.Be3 a6 5.Qd2 Nd7 6.Nge2 b5 7.g3 Bb7 8.Bg2 Ngf6
9.f3 O-O 10.O-O c5 11.a4 b4 12.Nd1 Qc7 13.Nf2 Rac8 14.Rac1 Qa5 15.b3 cxd4
16.Bxd4 e5 17.Ba1 d5 18.f4 dxe4 19.fxe5 Nxe5 20.Bxe5 Qxe5 21.Qxb4 Ba8 22.c4 Qb2
23.Nc3 e3 24.Rb1 exf2+ 25.Rxf2 Qxf2+ 26.Kxf2 Ng4+ 27.Kf1 Ne3+ 28.Ke2 Rfe8
29.Kd2 Bxg2 30.Qb6 Bxc3+  0-1

[Event "16th Nikea Open"]
[Site "Athens GRE"]
[Date "2008.08.31"]
[Round "8"]
[White "Hristodoulou,P"]
[Black "Ronchetti,N"]
[Result "0-1"]
[WhiteElo "2102"]
[BlackElo "2434"]

1.e4 g6 2.d4 Bg7 3.Nc3 d6 4.Be3 Nd7 5.Qd2 a6 6.a4 Ngf6 7.f3 b6 8.Nh3 c5 9.Be2 cxd4
10.Bxd4 Nc5 11.Nf2 O-O 12.O-O Bb7 13.Rfd1 Rc8 14.Nd5 Ncd7 15.b4 e5 16.Nxf6+ Nxf6
17.Bb2 d5 18.exd5 Nxd5 19.c4 Nf4 20.Qxd8 Nxe2+ 21.Kf1 Rfxd8 22.Kxe2 Bf8 23.Rxd8 Rxd8
24.Rd1 Rxd1 25.Kxd1 f6 26.Bc3 Kf7 27.Kc2 Ke6 28.Kd3 f5 29.Bd2 h5 30.Kc3 Be7
31.Be3 Bd8 32.Kd3 g5 33.h3 g4 34.hxg4 hxg4 35.fxg4 f4 36.Bd2 Bxg2 37.Ne4 Bf1+
38.Kc3 Be2 39.c5 Bxg4 40.cxb6 Bxb6 41.Nc5+ Kd5 42.a5 Bxc5 43.bxc5 Bd7 44.Kc2 Ba4+
45.Kd3 Bb5+ 46.Kc2 Ke4 47.Kd1 Kf3 48.Ke1 e4 49.Bc3 e3 50.Bd4 Ke4 51.Bf6 f3
52.Bh4 Kf4 53.c6 Bxc6 54.Kf1 Bb5+ 55.Kg1 Kg4 56.Be1 Kf4 57.Bh4 Ke4 58.Bg3 Kd3
59.Kf1 Kd2+ 60.Kg1 Ke2  0-1

[Event "17th CRO-chT 1a"]
[Site "Sibenik CRO"]
[Date "2008.09.01"]
[Round "5"]
[White "Krstic,U"]
[Black "Muse,M"]
[Result "0-1"]
[WhiteElo "2367"]
[BlackElo "2444"]

1.e4 g6 2.d4 Bg7 3.Nc3 d6 4.Be3 a6 5.Nf3 Nd7 6.Qd2 b5 7.Bd3 Bb7 8.h3 c5 9.O-O cxd4
10.Bxd4 Ngf6 11.e5 dxe5 12.Nxe5 O-O 13.Qe3 b4 14.Ne4 Nxe5 15.Bxe5 Qd5 16.Bxf6 exf6
17.Qc5 f5 18.Qxd5 Bxd5 19.Nc5 Bxb2 20.Rad1 a5 21.Na4 Bg7 22.Nb6 Bxa2 23.Nxa8 Rxa8
24.Bb5 a4 25.Bc6 Ra6 26.Rd8+ Bf8 27.Bb5 Ra5 28.Rb8 a3 29.Ra1 Be6 30.Bd3 Kg7
31.c4 Bd6 32.Rb6 Be5 33.Ra2 Bc3 34.Kf1 Re5 35.g3 f4 36.gxf4 Bxh3+ 37.Kg1 Re1+
38.Kh2 Be6 39.Ra6 Rd1 40.Be2 Rd4 41.f5 Bxf5 42.c5 Rd5 43.Bc4 Rxc5 44.Bb3 Be5+
45.Kg2 Rc3 46.Bd5 Bh3+  0-1

[Event "17th CRO-chT 1b"]
[Site "Sibenik CRO"]
[Date "2008.09.01"]
[Round "5"]
[White "Fercec,N"]
[Black "Jusic,Z"]
[Result "1-0"]
[WhiteElo "2486"]
[BlackElo "2383"]

1.e4 d6 2.d4 g6 3.Nc3 Bg7 4.Bg5 Nd7 5.Qd2 c5 6.Nf3 a6 7.O-O-O Qa5 8.Kb1 b5
9.e5 cxd4 10.Nd5 b4 11.Qxd4 dxe5 12.Qc4 Rb8 13.Nc7+ Kf8 14.Rd5 Qa4 15.b3 Qa3
16.Bc1 e6 17.Bxa3 bxa3 18.Rxd7 Bxd7 19.Qc5+ Ne7 20.Qd6  1-0

[Event "TCh-SRB 1st League"]
[Site "Subotica SRB"]
[Date "2008.09.01"]
[Round "1"]
[White "Perunovic,Mil"]
[Black "Ostojic,N1"]
[Result "1-0"]
[WhiteElo "2589"]
[BlackElo "2429"]

1.e4 g6 2.d4 Bg7 3.Nc3 d6 4.f4 c6 5.Nf3 Bg4 6.Be3 Qb6 7.Qd2 Qxb2 8.Rb1 Qa3
9.Rxb7 Qa5 10.Be2 Bc8 11.Rb3 Nf6 12.h3 O-O 13.O-O Nbd7 14.e5 Ne8 15.Ng5 e6
16.Bf3 Qa6 17.Rfb1 Nb6 18.Be2 Qb7 19.Na4 Qc7 20.Nxb6 axb6 21.Rxb6 Rxa2 22.Qc3 c5
23.Ne4 cxd4 24.Bxd4 Rxc2 25.Qe3 dxe5 26.fxe5 Bxe5 27.Bc5 Bf4 28.Qf2 Qe5 29.R6b4 Rxc5
30.Qxc5 Qxc5+ 31.Nxc5 Be3+ 32.Kf1 Nf6 33.Ne4 Nd5 34.Rb8  1-0

[Event "17th CRO-chT 1b"]
[Site "Sibenik CRO"]
[Date "2008.09.02"]
[Round "6"]
[White "Medak,B"]
[Black "Gabre,Z"]
[Result "1-0"]
[WhiteElo "2364"]
[BlackElo "2159"]

1.d4 g6 2.e4 Bg7 3.Nc3 d6 4.Be3 Nf6 5.f3 O-O 6.Qd2 Nc6 7.O-O-O e5 8.Nge2 Nd7
9.h4 Nb6 10.b3 a5 11.a4 f5 12.dxe5 dxe5 13.Qxd8 Rxd8 14.Rxd8+ Nxd8 15.Nb5 Ne6
16.Nxc7 Nxc7 17.Bxb6 Ne8 18.Nc3 Be6 19.Be2 Bf8 20.Rd1 Rc8 21.Kb2 Be7 22.h5 gxh5
23.Nd5 Bf8 24.Bxa5 Nd6 25.Bc3 Nf7 26.exf5 Bxf5 27.Nf6+ Kh8 28.Nxh5 Bb4 29.Bc4 Bxc3+
30.Kxc3 Be6 31.Kb4 Bxc4 32.bxc4 Kg8 33.Rd7 Kf8 34.c5  1-0

[Event "17th CRO-chT 1a"]
[Site "Sibenik CRO"]
[Date "2008.09.02"]
[Round "6"]
[White "Segovic,G"]
[Black "Muse,M"]
[Result "0-1"]
[WhiteElo "2177"]
[BlackElo "2444"]

1.e4 g6 2.d4 Bg7 3.Nc3 d6 4.Be3 a6 5.Nf3 b5 6.a4 b4 7.Nd5 Bb7 8.Qd2 a5 9.Bd3 e6
10.Nf4 Nf6 11.e5 Ng4 12.exd6 Qxd6 13.Ne2 Nxe3 14.fxe3 O-O 15.O-O c5 16.c3 Nc6
17.Bb5 Rad8 18.Rad1 bxc3 19.bxc3 cxd4 20.exd4 Ne7 21.Ng3 Qc7 22.Rfe1 Bxf3
23.gxf3 e5 24.Qg5 h6 25.Qc1 exd4 26.cxd4 Qxc1 27.Rxc1 Bxd4+ 28.Kh1 Nd5 29.Bc6 Nb4
30.Bb5 Ba7 31.Red1 Nd5 32.Bc6 Ne3 33.Rxd8 Rxd8 34.Nf1 Nf5 35.Be4 Nh4 36.Ng3 Be3
37.Rb1 Rd4 38.Bc6 Rc4 39.Bb5 Rc2 40.Rf1 Bf4 41.Ne2 Be3 42.Bd3 Ra2 43.Bb5 Kg7
44.Ng3 Kf6 45.Bc6 Bf4 46.Rb1 Ke5 47.Rd1 Rc2 48.Bb7 Rc7 49.Ba8 Rc4 50.Ra1 f5
51.Ne2 Be3 52.Bb7 g5 53.Ba6 Rc2 54.Rf1 f4 55.Bd3 Rd2 56.Bb5 h5 57.Nc3 g4
58.fxg4 hxg4 59.Ne2 Nf5 60.Rb1 f3 61.Ng3 Nxg3+ 62.hxg3 Bf2 63.Ba6 Bxg3 64.Kg1 Rg2+
65.Kf1 Rh2 66.Rb5+ Kf4  0-1

[Event "ch-ISL"]
[Site "Reykjavik ISL"]
[Date "2008.09.03"]
[Round "8"]
[White "Thorfinnsson,Br"]
[Black "Danielsen,Hen"]
[Result "1/2-1/2"]
[WhiteElo "2387"]
[BlackElo "2526"]

1.e4 g6 2.d4 Bg7 3.Nc3 d6 4.f4 Nf6 5.Nf3 O-O 6.Bd3 Na6 7.O-O c5 8.d5 Bg4
9.Bc4 Nc7 10.h3 Bxf3 11.Qxf3 Rb8 12.a4 e6 13.dxe6 Nxe6 14.Ne2 Kh8 15.c3 Qe7
16.Ng3 a6 17.a5 Nd8 18.Bd2 Nc6 19.b4 cxb4 20.cxb4 d5 21.exd5 Nxb4 22.Kh1 Rfd8
23.d6 Qxd6 24.Bxb4 Qxb4 25.Bxf7 Nh5 26.Ra3 Nxg3+ 27.Qxg3 Rf8 28.f5 gxf5 29.Raf3 Qxa5
30.Rxf5 Qd8 31.Rh5 Qb6 32.Qh4 h6 33.Rhf5 Rbc8 34.Qe4 Qb2 35.R5f2 Qb6 36.Rf5 Qb2
37.R5f2 Qa3 38.Qxb7 Rc1 39.Qe4 a5 40.Qf4 Rxf1+ 41.Rxf1 a4 42.Qc4 Qg3 43.Qa6 a3
44.Ba2 Rxf1+  1/2-1/2

[Event "17th CRO-chT 1a"]
[Site "Sibenik CRO"]
[Date "2008.09.03"]
[Round "7"]
[White "Segovic,G"]
[Black "Zaja,I"]
[Result "1/2-1/2"]
[WhiteElo "2177"]
[BlackElo "2457"]

1.e4 d6 2.d4 g6 3.Nc3 Bg7 4.Be3 c6 5.Qd2 b5 6.f3 Nd7 7.O-O-O Qc7 8.Bd3 Bb7
9.Kb1 a6 10.Nce2 c5 11.c3 h5 12.h4 Ngf6 13.Nh3 c4 14.Bc2 a5 15.Ng5 Rb8 16.Nf4 Nf8
17.d5 N6d7 18.g4 Ne5 19.gxh5 gxh5 20.Qg2 Bf6 21.Ne2 Bc8 22.f4 Ng4 23.Bc1 b4
24.Ba4+ Bd7 25.Bxd7+ Qxd7 26.e5 dxe5 27.fxe5 Bxe5 28.Qf3 Nf6 29.Qe3 Ng6 30.d6 exd6
31.Rhf1 Kf8 32.Nf3 Ng4 33.Nxe5 N6xe5 34.Qd4 Rg8 35.Nf4 bxc3 36.Qxc3 Nf6 37.Nxh5 Nxh5
38.Qxe5 dxe5 39.Rxd7 f6 40.Rh7 Nf4 41.Bxf4 exf4 42.Rxf4 Rg1+  1/2-1/2

[Event "5th LGA Premium Cup"]
[Site "Nuernberg GER"]
[Date "2008.09.04"]
[Round "1"]
[White "Noettling,D"]
[Black "Fischer,Eri"]
[Result "1-0"]
[WhiteElo "1728"]
[BlackElo "2205"]

1.e4 g6 2.d4 Bg7 3.Nc3 d6 4.Be3 Nc6 5.Nf3 Bd7 6.Be2 Nf6 7.h3 O-O 8.Qd2 Re8
9.g4 e5 10.dxe5 Nxe5 11.g5 Nh5 12.Nxe5 Bxe5 13.Bxh5 gxh5 14.Nd5 f5 15.gxf6 Bxf6
16.Rg1+ Kf7 17.Nxf6 Qxf6 18.Qd5+ Qe6 19.Qxh5+ Kf8 20.Bh6+  1-0

[Event "5th LGA Premium Cup"]
[Site "Nuernberg GER"]
[Date "2008.09.04"]
[Round "1"]
[White "Mihok,O"]
[Black "Naegelein,An"]
[Result "1-0"]
[WhiteElo "2346"]
[BlackElo "1964"]

1.e4 g6 2.d4 Bg7 3.Nc3 d6 4.f4 Nc6 5.Be3 Nf6 6.Nf3 Bg4 7.Be2 d5 8.e5 Ne4
9.Nxe4 dxe4 10.Ng5 Bxe2 11.Qxe2 h6 12.Nxe4 Nxd4 13.Qc4 Nf5 14.Bf2 h5 15.Qb5+ Qd7
16.Qxb7 O-O 17.Nc5 Qc8 18.Qxc8 Rfxc8 19.Ke2 e6 20.Ne4 Bf8 21.Rhd1 Rab8 22.b3 Rb4
23.c4 c5 24.Rd7 a6 25.Rad1  1-0

[Event "3rd XtraCon EMT"]
[Site "Borup DEN"]
[Date "2008.09.05"]
[Round "1"]
[White "Pitl,G"]
[Black "Schmidt,Ho DEN"]
[Result "0-1"]
[WhiteElo "2410"]
[BlackElo "1925"]

1.e4 d6 2.d4 g6 3.Nc3 Bg7 4.f4 Nf6 5.Nf3 O-O 6.Be3 Ng4 7.Bg1 e5 8.h3 exd4
9.Bxd4 Nf6 10.Bd3 Nc6 11.Bf2 a6 12.g4 b5 13.g5 Nh5 14.Qd2 b4 15.Na4 Bd7 16.O-O-O Ne7
17.f5 Bxa4 18.f6 Bh8 19.Qxb4 Bb5 20.c4 Bd7 21.fxe7 Qxe7 22.Qd2 Rab8 23.Bd4 Be5
24.Nxe5 dxe5 25.Be3 Bc6 26.Qf2 Rfd8 27.Rhf1 Be8 28.h4 Qb4 29.Rd2 Qa4 30.Kb1 Qb4
31.Bc5 Qa5 32.Ba7 Rb7 33.Be3 Qb4 34.Rfd1 Ba4 35.Bc5 Qa5 36.Bf1 Re8 37.Rd8 Ng7
38.R1d7 Bxd7 39.Rxd7 Rxb2+ 40.Kxb2 Rb8+ 41.Kc1 Qc3+ 42.Kd1 Rb1+ 43.Ke2 Rb2+
44.Kd1 Rb1+ 45.Ke2 f5 46.gxf6 Qxc4+ 47.Rd3 Rb2+ 48.Kd1 Rb1+ 49.Ke2 Qxe4+
50.Qe3 Qg4+ 51.Qf3 Rb2+ 52.Kd1 Qa4+ 53.Rb3 Rb1+  0-1

[Event "Open A"]
[Site "Graz SUI"]
[Date "2008.09.05"]
[Round "7"]
[White "Schreiner,Pe"]
[Black "Fahrner,K"]
[Result "1/2-1/2"]
[WhiteElo "2137"]
[BlackElo "2285"]

1.e4 g6 2.d4 Bg7 3.Nc3 d6 4.Be3 a6 5.Qd2 b5 6.Bd3 Nd7 7.Nf3 c5 8.a4 b4 9.Ne2 Qa5
10.O-O Ngf6 11.e5 Nd5 12.exd6 O-O 13.dxe7 Re8 14.Bh6 Bh8 15.Nf4 Nxe7 16.Rfe1 Bb7
17.Ne5 Nxe5 18.dxe5 Rad8 19.e6 f5 20.Nh5 Rxd3 21.Qg5 Nd5 22.cxd3 Qd8 23.e7 Rxe7
24.Re6 Kf7 25.Nf4  1/2-1/2

[Event "Open"]
[Site "Herzliya ISR"]
[Date "2008.09.05"]
[Round "4"]
[White "Shevelev,A"]
[Black "Zilberman,Y"]
[Result "1/2-1/2"]
[WhiteElo "2293"]
[BlackElo "2453"]

1.e4 g6 2.d4 Bg7 3.Nc3 d6 4.h3 Nf6 5.g3 O-O 6.Bg2 e5 7.Nge2 exd4 8.Nxd4 Nbd7
9.O-O Re8 10.Re1 Nc5 11.Nb3 Nxb3 12.axb3 a6 13.f4 Rb8 14.Be3 Bd7 15.Kh2 Bc6
16.Bf2 Nd7 17.Qd2 Re7 18.Rad1 Qf8 19.Nd5 Bxd5 20.exd5 Rbe8 21.c3 Rxe1 22.Rxe1 Re7
23.Rxe7 Qxe7 24.Qe3 Qxe3 25.Bxe3 Nc5 26.Bxc5 dxc5 27.Kg1 Kf8 28.Kf2 b5 29.Ke3 Ke7
30.Kd3 Kd6 31.Bf3 Bf6 32.h4  1/2-1/2

[Event "Open"]
[Site "Herzliya ISR"]
[Date "2008.09.05"]
[Round "4"]
[White "Zifroni,D"]
[Black "Bitansky,I"]
[Result "1-0"]
[WhiteElo "2489"]
[BlackElo "2431"]

1.e4 g6 2.d4 Bg7 3.Nc3 d6 4.f4 Nf6 5.Nf3 O-O 6.Bd3 Na6 7.O-O c5 8.d5 Bg4
9.Kh1 Nc7 10.h3 Bxf3 11.Qxf3 e6 12.a4 exd5 13.exd5 Nd7 14.Bd2 b6 15.Rae1 a6
16.b3 Ra7 17.Ne4 Ne8 18.c4 Ndf6 19.Nc3 Re7 20.g4 Rxe1 21.Rxe1 Nd7 22.Qg3 Nef6
23.g5 Nh5 24.Qh4 f6 25.Ne4 fxg5 26.Nxg5 Qf6 27.Qg4 Nxf4 28.Nxh7 Kxh7 29.Bxf4 Ne5
30.Bxe5 dxe5 31.Rf1 Qd6 32.Rg1 Rf6 33.h4 e4 34.Bxe4 Kh8 35.Bxg6 Qf4 36.Be4 Qxg4
37.Rxg4 Rf2 38.d6 Rf6 39.d7 Rd6 40.Bf5 Kg8 41.Rg6 Rd1+ 42.Kg2 Kf8 43.Rxb6  1-0

[Event "5th LGA Premium Cup"]
[Site "Nuernberg GER"]
[Date "2008.09.05"]
[Round "2"]
[White "Sobolevsky,L"]
[Black "Mons,L"]
[Result "1-0"]
[WhiteElo "2300"]
[BlackElo "2084"]

1.e4 g6 2.d4 Bg7 3.Nc3 d6 4.f4 a6 5.Be2 b5 6.Bf3 Nd7 7.e5 Rb8 8.Be3 e6 9.Nh3 Ne7
10.Bf2 Nf5 11.Be4 c5 12.dxc5 dxe5 13.c6 Nb6 14.Qxd8+ Kxd8 15.Ng5 Nh6 16.fxe5 Bxe5
17.Nf3 Bxc3+ 18.bxc3 Nd5 19.O-O-O Nf5 20.Bxd5 exd5 21.Rxd5+ Kc7 22.g4 Ne7
23.Bg3+ Kb6 24.c7 Ra8 25.Rd6+ Kb7 26.Ne5 Be6 27.Nd3 Bxg4 28.Nc5+ Kc8 29.Rb6  1-0

[Event "TCh-SRB 1st League"]
[Site "Subotica SRB"]
[Date "2008.09.05"]
[Round "5"]
[White "Certic,B"]
[Black "Mozetic,D"]
[Result "1/2-1/2"]
[WhiteElo "2392"]
[BlackElo "2410"]

1.e4 g6 2.d4 Bg7 3.Nc3 d6 4.Be3 a6 5.Be2 b5 6.f4 Nd7 7.Bf3 e5 8.fxe5 dxe5
9.d5 Ngf6 10.Nh3 O-O 11.O-O Ne8 12.Qe1 Nd6 13.Rd1 Qe7 14.b3 f5 15.Bg5 Nf6
16.Nf2 h6 17.Bxf6 Bxf6 18.Qe3 f4 19.Qc5 h5 20.a4 Rb8 21.axb5 axb5 22.Na2 Nf7
23.Qxe7  1/2-1/2

[Event "3rd PGMA Cup"]
[Site "Manila PHI"]
[Date "2008.09.07"]
[Round "1"]
[White "Gomez,Joh"]
[Black "Castellano,Christo"]
[Result "1-0"]
[WhiteElo "2457"]
[BlackElo "2249"]

1.e4 g6 2.d4 Bg7 3.Nc3 d6 4.g3 Nf6 5.Bg2 c6 6.a4 O-O 7.Nge2 Na6 8.O-O e5
9.h3 exd4 10.Nxd4 Re8 11.Re1 Nb4 12.f4 Nxe4 13.Rxe4 Rxe4 14.Nxe4 Bxd4+ 15.Qxd4 Nxc2
16.Nf6+ Kf8 17.Nxh7+ Kg8 18.Nf6+ Kf8 19.Qc3 Qb6+ 20.Kh2 Nxa1 21.b4 Nc2 22.Nh7+ Ke8
23.Qxc2 Qxb4 24.Bxc6+ Kd8 25.Bd2 Bf5 26.Bxb4 Bxc2 27.Bd5 Ke7 28.a5 Rc8 29.Ng5 Bf5
30.Bxf7 Rc2+ 31.Kg1 b5 32.axb6 axb6 33.g4 Bd3 34.h4 b5 35.h5 gxh5 36.gxh5 Rb2
37.Bc3 Rb1+ 38.Kf2 b4 39.Bd4 b3 40.Bg6 Rd1 41.Ke3 Bc2 42.Nf3 Rh1 43.f5 Kf8
44.f6 Rh3 45.Kf2 Bxg6 46.hxg6 Rh5 47.Ke3 Rb5 48.Bb2 Rf5 49.Ke4 Rh5 50.Kf4 Ra5
51.Ng5  1-0

[Event "X Open"]
[Site "San Marti ESP"]
[Date "2008.09.07"]
[Round "6"]
[White "Vehi Bach,V"]
[Black "Burgos Figueroa,C"]
[Result "1-0"]
[WhiteElo "2411"]
[BlackElo "2272"]

1.e4 g6 2.d4 Bg7 3.Nc3 d6 4.Be3 a6 5.f4 b5 6.Nf3 Nd7 7.Bd3 c5 8.dxc5 Nxc5
9.Bxc5 dxc5 10.e5 f5 11.a4 b4 12.Nb1 Bb7 13.Nbd2 Nh6 14.Qe2 Nf7 15.Bc4 Bh6
16.g3 O-O 17.h4 Qb6 18.O-O-O e6 19.Qe3 Rfd8 20.a5 Qc6 21.Qb3 Bc8 22.Ng5 Bxg5
23.hxg5 Ra7 24.Qe3 Rd4 25.Be2 Rad7 26.Bf3 Qc7 27.Nb3 Rxd1+ 28.Rxd1 c4 29.Rxd7 Qxd7
30.Nd2 Bb7 31.Nxc4 Bxf3 32.Qxf3 Qd4 33.b3 Qa1+ 34.Kd2 h5 35.Ke2 Qc1 36.Ne3 Qg1
37.Qg2 Qc1 38.Qc6 h4 39.gxh4 Qg1 40.Qxe6 Qh2+ 41.Kd3 Qxf4 42.Qxg6+ Kf8 43.Qxf5  1-0

[Event "TCh-SRB 1st League"]
[Site "Subotica SRB"]
[Date "2008.09.08"]
[Round "7"]
[White "Sarenac,D"]
[Black "Mozetic,D"]
[Result "1/2-1/2"]
[WhiteElo "2222"]
[BlackElo "2410"]

1.e4 g6 2.d4 Bg7 3.Nc3 d6 4.Be3 a6 5.f3 b5 6.Qd2 Nd7 7.g4 Bb7 8.O-O-O h5
9.gxh5 Rxh5 10.Nge2 c5 11.Ng3 Rh7 12.dxc5 Nxc5 13.Kb1 Qc7 14.h4 Be5 15.f4 Bxc3
16.Qxc3 Nf6 17.Bg2 Rc8 18.Rd4 Ne6 19.Qxc7 Rxc7 20.Rb4 Bc6 21.Bf3 a5 22.Rb3 Nd7  1/2-1/2

[Event "SuperLiga-ROM"]
[Site "Eforie Nord ROM"]
[Date "2008.09.09"]
[Round "9"]
[White "Baratosi,D"]
[Black "Nanu,C"]
[Result "1/2-1/2"]
[WhiteElo "2433"]
[BlackElo "2514"]

1.e4 g6 2.d4 Bg7 3.Nc3 d6 4.Nf3 Nf6 5.Be2 O-O 6.O-O c5 7.d5 e6 8.h3 exd5
9.exd5 Re8 10.a4 Na6 11.Bc4 Nc7 12.Bg5 h6 13.Be3 a6 14.Qd2 Kh7 15.Rfe1 Bd7
16.a5 Bb5 17.Qd3 Qd7 18.Ra3 Bxc4 19.Qxc4 Nb5 20.Raa1 Nxc3 21.bxc3 Qf5 22.Qb3 Qxd5
23.c4 Qc6 24.Rab1 Re7 25.Red1 Ne4 26.Rd3 Rae8 27.Qa3 f5 28.Rb6 Qc8 29.Bf4 g5
30.Bxd6 Re6 31.Rd5 g4 32.hxg4 fxg4 33.Nd2 Nc3 34.Rh5 Rd8 35.Rxc5 Re1+ 36.Kh2 Qe6
37.Bg3 Qe7 38.Rxb7 Qxb7 39.Rc7 Qxc7 40.Bxc7 Rxd2 41.Qc5 Re8 42.Qf5+ Kh8 43.Qh5 Re7
44.Bg3 Ne4 45.Qxg4 Nxg3 46.Qc8+ Kh7 47.Kxg3 Rd6 48.f4 Ree6 49.Kg4 Rc6 50.Qd7 Rg6+
51.Kh4 Rxc4 52.Qf5 Rc6 53.Kh5 Rf6 54.Qe4 Re6 55.Qd3 Rd6 56.Qe4 Kg8 57.Qc4+ Kh8
58.Qc8+ Kh7 59.Qf5 Rf6 60.Qe4 Bf8 61.g4 Bd6 62.Qb7+ Kh8 63.Qc8+ Bf8 64.g5 hxg5
65.fxg5 Rc6 66.Qxf8+ Kh7 67.Qe7+ Kg8 68.Qe8+ Kg7 69.Qd7+ Kg8 70.c4 Rgd6 71.Qe8+ Kg7
72.Qe7+ Kg8 73.c5 Re6 74.Qd8+ Kg7 75.Qd7+ Kf8 76.Kg4 Rg6 77.Kf5 Kg8 78.Qe7 Kh8
79.Qd7 Kg8 80.Qe7 Kh8 81.Ke4 Rce6+ 82.Qxe6 Rxe6+ 83.Kd5 Rg6 84.c6 Rxg5+ 85.Kd6 Rg8
86.c7 Kg7 87.Kd7 Kf7 88.c8=Q  1/2-1/2

[Event "7th Georgiev - Kesarovski Mem"]
[Site "Sunny Beach BUL"]
[Date "2008.09.09"]
[Round "2"]
[White "Savov,P"]
[Black "Kosturski,I"]
[Result "0-1"]
[WhiteElo "1986"]
[BlackElo "1692"]

1.e4 g6 2.d4 Bg7 3.Nc3 d6 4.Nf3 Nc6 5.d5 Ne5 6.Nxe5 Bxe5 7.f4 Bg7 8.Bd3 c6
9.O-O Nf6 10.Qf3 O-O 11.dxc6 bxc6 12.Be3 Ng4 13.Bc4 Nxe3 14.Qxe3 Qb6 15.Qxb6 axb6
16.Bb3 Bxc3 17.bxc3 c5 18.f5 Ba6 19.c4 Bb7 20.Rae1 f6 21.h4 Bc6 22.g4 Kf7
23.g5 Rg8 24.Kh2 Raf8 25.fxg6+ Kxg6 26.gxf6 Rxf6 27.Rg1+ Kf7 28.Rxg8 Kxg8
29.Kg3 e5 30.c3 Kf7 31.Bc2 Rf4 32.Re3 Ke6 33.a3 Rf1 34.Kg4 Rg1+ 35.Rg3 Ra1
36.Kg5 Rxa3 37.Kh6 Ra2 38.Bd3 Rh2 39.Rg4 Be8 40.Kxh7 Bh5 41.Rg5 Rxh4 42.Kg7 Bf3
43.Rg6+ Kd7 44.Rh6 Rg4+ 45.Rg6 Rf4 46.Rf6 Bg2 47.Rf7+ Ke6 48.Rf8 Rg4+ 49.Kh6 Rg3
50.Bb1 Rxc3 51.Rg8 Rh3+ 52.Kg7 Rh4 53.Bc2 Bxe4 54.Re8+ Kd7 55.Ba4+ Bc6  0-1

[Event "IV Geller Memorial"]
[Site "Odessa UKR"]
[Date "2008.09.10"]
[Round "2"]
[White "Zaichuk,V"]
[Black "Andrenko,I"]
[Result "1/2-1/2"]
[WhiteElo "1953"]
[BlackElo "2213"]

1.e4 g6 2.d4 Bg7 3.Nc3 d6 4.f4 Nf6 5.Nf3 O-O 6.Bd3 c5 7.d5 e6 8.dxe6 fxe6
9.O-O Nc6 10.Kh1 d5 11.e5 Ne8 12.a3 a6 13.Qe1 b5 14.Qg3 Ne7 15.Qh4 Bd7 16.Ng5 h6
17.Nf3 Nc7 18.Qf2 c4 19.Be2 a5 20.Be3 b4 21.axb4 axb4 22.Rxa8 Qxa8 23.Nd1 Nc6
24.Qg3 Kh7 25.Nh4  1/2-1/2

[Event "7th Georgiev - Kesarovski Mem"]
[Site "Sunny Beach BUL"]
[Date "2008.09.10"]
[Round "3"]
[White "Videnova,I"]
[Black "Tsakov,P"]
[Result "1-0"]
[WhiteElo "2211"]
[BlackElo "1993"]

1.e4 d6 2.d4 g6 3.Nc3 Bg7 4.f4 Nf6 5.Nf3 c6 6.Bd3 O-O 7.O-O Bg4 8.h3 Bxf3
9.Qxf3 Qb6 10.Ne2 Nbd7 11.Kh1 c5 12.e5 Ne8 13.c3 Nc7 14.a4 a6 15.a5 Qc6 16.Be4 d5
17.Bc2 c4 18.f5 Ne8 19.Ba4 Qc7 20.Qxd5 Rd8 21.Qe4 Qxa5 22.Bg5  1-0

[Event "3rd PGMA Cup"]
[Site "Manila PHI"]
[Date "2008.09.11"]
[Round "7"]
[White "Gomez,Joh"]
[Black "Dzhumaev,M"]
[Result "0-1"]
[WhiteElo "2457"]
[BlackElo "2549"]

1.e4 g6 2.d4 Bg7 3.Nc3 d6 4.g3 Nc6 5.Nge2 h5 6.h3 e5 7.dxe5 dxe5 8.Qxd8+ Nxd8
9.b3 Ne6 10.Ba3 Bd7 11.h4 O-O-O 12.Rd1 Nh6 13.Bg2 Ng4 14.O-O Nd4 15.Nxd4 exd4
16.Nd5 Bb5 17.Rfe1 c6 18.Nf4 Rhe8 19.Nd3 Kc7 20.Bc1 b6 21.Bg5 Bf6 22.Bf4+ Ne5
23.Nxe5 Bxe5 24.Bg5 f6 25.Bc1 c5 26.Bf1 Bc6 27.Bd3 Re6 28.a4 Bd6 29.Re2 Rde8
30.Rde1 Kb7 31.Bb2 a6 32.c3 dxc3 33.Bxc3 Be5 34.Bxe5 fxe5 35.Rd1 b5 36.Bc2 Kb6
37.Re3 Ka5 38.Rf3 Kb4 39.Kf1 R8e7 40.Ke2 Rd7 41.Rxd7 Bxd7 42.axb5 axb5 43.Rd3 Bc6
44.Ke3 c4 45.bxc4 bxc4 46.Rd8 Kc3 47.Rd2 Rf6 48.Re2 Bd7 49.f4 Bg4 50.Rf2 Ra6
51.fxe5 Ra2 52.Bd1 Rxf2 53.Bxg4 Rf7 54.Be6 Re7 55.Bd5 Rxe5 56.Bf7 g5 57.Bd5 gxh4
58.gxh4 Kb4 59.Kd2 Kb3 60.Ke3 Kc3 61.Ke2 Kc2 62.Ke3 c3 63.Kd4 Rxd5+ 64.exd5 Kb2  0-1

[Event "TCh-SRB 1st League"]
[Site "Subotica SRB"]
[Date "2008.09.11"]
[Round "10"]
[White "Roganovic,Milo"]
[Black "Mozetic,D"]
[Result "1-0"]
[WhiteElo "2393"]
[BlackElo "2410"]

1.e4 g6 2.d4 Bg7 3.Nc3 d6 4.Be3 a6 5.Qd2 Nd7 6.Nf3 b5 7.a4 b4 8.Ne2 a5 9.Ng3 Ngf6
10.Bh6 O-O 11.e5 Ne8 12.h4 f6 13.h5 g5 14.Bxg5 fxg5 15.Qxg5 h6 16.Bc4+ Kh8
17.Qg6 Rxf3 18.gxf3 Nf8 19.Qf7 e6 20.Nf5 dxe5 21.Ne7 Qxe7 22.Qxe7 Bb7 23.Rg1 Bxf3
24.Qf7 Be4 25.O-O-O exd4 26.Rxg7 Nxg7 27.Rg1  1-0

[Event "I Liga Seniorow"]
[Site "Ustron POL"]
[Date "2008.09.11"]
[Round "6"]
[White "Magnucka,M"]
[Black "Michna,Mart"]
[Result "0-1"]
[WhiteElo "2080"]
[BlackElo "2404"]

1.e4 d6 2.d4 g6 3.Nc3 Bg7 4.Be3 c6 5.Qd2 Qa5 6.f3 b5 7.g4 Nd7 8.h4 h5 9.gxh5 Rxh5
10.Nge2 Ngf6 11.Ng3 Rh8 12.Nce2 Qxd2+ 13.Bxd2 Nb6 14.Nf4 Bh6 15.O-O-O Bd7
16.e5 dxe5 17.dxe5 Nfd5 18.Nxd5 cxd5 19.h5 gxh5 20.Bxh6 Rxh6 21.Rxh5 Rxh5
22.Nxh5 O-O-O 23.Nf4 Bc6 24.e6 Rf8 25.Re1 Kd8 26.exf7 Rxf7 27.Ne6+ Kd7 28.Bh3 Kd6
29.Nd4 e5 30.Nxc6 Kxc6 31.Rxe5 Rxf3 32.Rh5 b4 33.b3 a5 34.Bg2 Rf2 35.Rg5 Kc5
36.Rg6 a4 37.bxa4 Nxa4 38.Rg5 Nc3 39.Kb2 Kc4 40.Rg4+ d4 41.Bb7 Nd1+ 42.Kb1 Nc3+
43.Kb2 Na4+ 44.Kc1 Nc5 45.Bg2 Kc3 46.Rg3+ d3 47.cxd3 Nxd3+ 48.Kb1 Rb2+ 49.Ka1 Rc2  0-1

[Event "3rd XtraCon EMT"]
[Site "Borup DEN"]
[Date "2008.09.12"]
[Round "6"]
[White "Eriksson,C"]
[Black "Schmidt,Ho DEN"]
[Result "1-0"]
[WhiteElo "2127"]
[BlackElo "1925"]

1.e4 d6 2.d4 g6 3.Nc3 Bg7 4.Bg5 Nf6 5.Qd2 c6 6.f3 b5 7.O-O-O Nbd7 8.e5 b4
9.exf6 bxc3 10.Qxc3 Nxf6 11.Qxc6+ Bd7 12.Qa6 Rb8 13.Bc4 O-O 14.Bd2 d5 15.Bd3 Qc7
16.Ne2 Rb6 17.Ba5 Rfb8 18.Bxb6 Rxb6 19.Qa3 e6 20.b3 Bf8 21.Qb2 a5 22.Kb1 a4
23.g3 Qa7 24.Rhe1 Qa5 25.Rf1 Bb4 26.Rc1 Ne8 27.a3 axb3 28.axb4 bxc2+ 29.Kxc2 Rxb4
30.Qc3 Nd6 31.Kd1 Nf5 32.Bxf5 exf5 33.Ra1 Qb6 34.Qc5 Rb1+ 35.Rxb1 Qxb1+ 36.Qc1 Qd3+
37.Ke1 Bb5 38.Qd2 Qa3 39.Kf2 Qa6 40.Re1 Kg7 41.Qe3 Bc4 42.Qe5+ Kg8 43.h4 Qa2
44.h5 Qd2 45.Qe3 Qb2 46.h6 Kf8 47.Kg1 Qb8 48.Nf4 Qd8 49.Qe5 f6 50.Qe3 Qb8
51.Qe7+ Kg8 52.Qg7+  1-0

[Event "Open"]
[Site "Herzliya ISR"]
[Date "2008.09.12"]
[Round "9"]
[White "Zaslavsky,M"]
[Black "Bitansky,I"]
[Result "1/2-1/2"]
[WhiteElo "2333"]
[BlackElo "2431"]

1.e4 g6 2.d4 Bg7 3.Nc3 d6 4.f4 Nf6 5.Nf3 O-O 6.Bd3 Na6 7.O-O c5 8.d5 Bg4
9.h3 Bxf3 10.Rxf3 Rb8 11.Qe2 Nc7 12.a4 e6 13.dxe6 Nxe6 14.Rf1 Nh5 15.Kh2 Re8
16.Bd2 a6 17.Bc4 Nf6 18.Qd3 Nd4 19.Rae1 Nc6 20.Nd5 Nxd5 21.Bxd5 Qd7  1/2-1/2